00394nam a2200121Ia 45000010005000000080041000050820025000461000094000712450047001652600019002129010026002319990015002573207241024s9999 xx 000 0 und d aRD/371.58/R426p/2013 aRepública Dominicana. Ministerio de Educación. Regional de Educación 12 de Higüey 0aPrevención de Violencia y Cultura de Paz bHigüeyc2013 a5/9/2013 9:33:16 a.m. c8828d8828